000 00621nam a2200217Ii 4500
003 JO-AjNU
008 230606s9999||||xx |||||||||||||| ||und||
020 _a978-0-07-144641-9
040 _aJO-AjNU
_beng
_erda
_cJO-AjNU
041 _aeng
050 1 4 _aTL725.3.P5 2010
100 3 _aMckelvey, Francis ect…,
_eauthor
_95003
245 0 0 _aPlanning design of airports
250 _a5 ed
264 3 1 _aNew York :Mcgraw hill ,2010
300 _a670p
336 _atext
_btxt
_2rdacontent
337 _aunmediated
_bn
_2rdamedia
338 _avolume
_bnc
_2rdacarrier
650 4 _aPlanning design of airports
_95004
999 _aE2587
_c2585
_d2585